| 000 | 01036aam a2200277 i 4500 | ||
|---|---|---|---|
| 999 |
_c45173 _d45173 |
||
| 001 | 768714001 | ||
| 003 | CO-MdFUSB | ||
| 005 | 20190809161347.0 | ||
| 008 | 190809t1974 nyu |||| |||| 00| 0 eng d | ||
| 020 | _a[No incluye ISBN] | ||
| 040 |
_bspa. _aCO-MdFUSB _cCO-MdFUSB _dCO-MdFUSBC _erda |
||
| 041 | _aeng | ||
| 082 | 0 | 4 |
_a26 _2G 262 _bN372 |
| 100 | 1 |
_aNee, Watchman _eautor |
|
| 245 | 1 | 0 |
_aGod's work _c/ Watchman Nee |
| 264 | 1 |
_aNew York : _bChristian Fellowship Publishers, _c[1974] |
|
| 300 |
_a64 páginas _c; 19 cm |
||
| 336 |
_atexto _btxt _2rdacontent |
||
| 337 |
_2rdamedia _asin mediación _bn |
||
| 338 |
_2rdacarrier _avolumen _bnc |
||
| 505 | 0 | _aCuál es la obra de Dios? -- La obra de Dios en esta dispensación. -- Revelación sobre el propósito eterno de Dios. -- La vida construye. -- El quebranto libera la vida. -- ministerio profético. -- Ministro en la vida. -- Ministerio sacerdotal. -- La iniquidad de nuestro ministerio. | |
| 563 | _aRústico | ||
| 653 | _aIglesia | ||
| 942 | _cBK | ||
| 945 | _aJTF-925 | ||